<?xml version="1.0" encoding="UTF-8"?>
<record
    xmlns:xsi="http://www.w3.org/2001/XMLSchema-instance"
    xsi:schemaLocation="http://www.loc.gov/MARC21/slim http://www.loc.gov/standards/marcxml/schema/MARC21slim.xsd"
    xmlns="http://www.loc.gov/MARC21/slim">

  <leader>02154nam0a22004811  4500</leader>
  <controlfield tag="001">RU\NLR\A1SV\40106</controlfield>
  <controlfield tag="005">20251203171251.9</controlfield>
  <datafield tag="035" ind1=" " ind2=" ">
    <subfield code="a">(NLR Aleph) 009722437</subfield>
  </datafield>
  <datafield tag="090" ind1=" " ind2=" ">
    <subfield code="a">9878411</subfield>
    <subfield code="c">9878411</subfield>
  </datafield>
  <datafield tag="100" ind1=" " ind2=" ">
    <subfield code="a">20010628d1926    u  y0rusy50      ca</subfield>
  </datafield>
  <datafield tag="101" ind1="0" ind2=" ">
    <subfield code="a">rus</subfield>
  </datafield>
  <datafield tag="102" ind1=" " ind2=" ">
    <subfield code="a">RU</subfield>
  </datafield>
  <datafield tag="200" ind1="1" ind2=" ">
    <subfield code="a">&#x413;&#x435;&#x43D;&#x435;&#x442;&#x438;&#x43A;&#x430; &#x434;&#x43E;&#x43C;&#x430;&#x448;&#x43D;&#x435;&#x439; &#x43A;&#x443;&#x440;&#x438;&#x446;&#x44B;</subfield>
    <subfield code="e">[&#x421;&#x431;. &#x441;&#x442;.]</subfield>
    <subfield code="f">[&#x41F;&#x440;&#x435;&#x434;&#x438;&#x441;&#x43B;.: &#x41D;.&#x41A;.&#x41A;&#x43E;&#x43B;&#x44C;&#x446;&#x43E;&#x432;&#x430;]</subfield>
  </datafield>
  <datafield tag="210" ind1=" " ind2=" ">
    <subfield code="a">&#x41C;.</subfield>
    <subfield code="c">&#x41D;&#x43E;&#x432;&#x430;&#x44F; &#x434;&#x435;&#x440;&#x435;&#x432;&#x43D;&#x44F;</subfield>
    <subfield code="d">1926</subfield>
  </datafield>
  <datafield tag="215" ind1=" " ind2=" ">
    <subfield code="a">VIII, 137, [8] &#x441;., 20 &#x43B;. &#x438;&#x43B;.</subfield>
    <subfield code="c">&#x438;&#x43B;.</subfield>
    <subfield code="d">34 &#x441;&#x43C;</subfield>
  </datafield>
  <datafield tag="225" ind1=" " ind2=" ">
    <subfield code="a">&#x422;&#x440;. &#x410;&#x43D;&#x438;&#x43A;&#x43E;&#x432;. &#x433;&#x435;&#x43D;&#x435;&#x442;. &#x441;&#x442;&#x430;&#x43D;&#x446;&#x438;&#x438; &#x41D;&#x430;&#x440;&#x43A;&#x43E;&#x43C;&#x437;&#x435;&#x43C;&#x430; &#x420;&#x421;&#x424;&#x421;&#x420;</subfield>
    <subfield code="f">&#x41F;&#x43E;&#x434; &#x440;&#x435;&#x434;. &#x434;&#x438;&#x440;. &#x421;&#x442;&#x430;&#x43D;&#x446;&#x438;&#x438; &#x43F;&#x440;&#x43E;&#x444;. &#x41D;.&#x41A;.&#x41A;&#x43E;&#x43B;&#x44C;&#x446;&#x43E;&#x432;&#x430;</subfield>
  </datafield>
  <datafield tag="300" ind1=" " ind2=" ">
    <subfield code="a">&#x414;&#x43E;&#x43F;. &#x442;&#x438;&#x442;. &#x43B;., &#x440;&#x435;&#x437;. &#x441;&#x442;. &#x438; &#x43E;&#x433;&#x43B;. &#x43D;&#x430; &#x430;&#x43D;&#x433;&#x43B;. &#x44F;&#x437;.</subfield>
  </datafield>
  <datafield tag="320" ind1=" " ind2=" ">
    <subfield code="a">&#x411;&#x438;&#x431;&#x43B;&#x438;&#x43E;&#x433;&#x440;.: &#x441;.133-137</subfield>
  </datafield>
  <datafield tag="327" ind1="0" ind2=" ">
    <subfield code="a">&#x410;&#x432;&#x442;.: &#x41D;.&#x41A;.&#x41A;&#x43E;&#x43B;&#x44C;&#x446;&#x43E;&#x432;, &#x410;.&#x421;. &#x438; &#x420;.&#x418;.&#x421;&#x435;&#x440;&#x435;&#x431;&#x440;&#x43E;&#x432;&#x441;&#x43A;&#x438;&#x435;, &#x41F;.&#x418;.&#x416;&#x438;&#x432;&#x430;&#x433;&#x43E;, &#x41B;.&#x41D;.&#x421;&#x430;&#x445;&#x430;&#x440;&#x43E;&#x432;&#x430;, &#x415;.&#x422;.&#x412;&#x430;&#x441;&#x438;&#x43D;&#x430;, &#x410;.&#x41D;.&#x41F;&#x440;&#x43E;&#x43C;&#x43F;&#x442;&#x43E;&#x432;, &#x41D;.&#x413;.&#x421;&#x430;&#x432;&#x438;&#x447;, &#x41C;.&#x420;.&#x421;&#x43E;&#x43A;&#x43E;&#x43B;&#x43E;&#x432;</subfield>
  </datafield>
  <datafield tag="620" ind1=" " ind2=" ">
    <subfield code="d">&#x41C;&#x43E;&#x441;&#x43A;&#x432;&#x430;</subfield>
  </datafield>
  <datafield tag="702" ind1=" " ind2="1">
    <subfield code="4">070</subfield>
    <subfield code="7">ca</subfield>
    <subfield code="8">rus</subfield>
    <subfield code="a">&#x41A;&#x43E;&#x43B;&#x44C;&#x446;&#x43E;&#x432;</subfield>
    <subfield code="b">&#x41D;. &#x41A;.</subfield>
    <subfield code="f">1872-1940</subfield>
    <subfield code="g">&#x41D;&#x438;&#x43A;&#x43E;&#x43B;&#x430;&#x439; &#x41A;&#x43E;&#x43D;&#x441;&#x442;&#x430;&#x43D;&#x442;&#x438;&#x43D;&#x43E;&#x432;&#x438;&#x447;</subfield>
    <subfield code="9">266954</subfield>
    <subfield code="3">RU\NLR\AUTH\770267010</subfield>
  </datafield>
  <datafield tag="702" ind1=" " ind2="1">
    <subfield code="a">&#x421;&#x435;&#x440;&#x435;&#x431;&#x440;&#x43E;&#x432;&#x441;&#x43A;&#x438;&#x439;</subfield>
    <subfield code="b">&#x410;.&#x421;.</subfield>
    <subfield code="f">1892-1948</subfield>
    <subfield code="g">&#x410;&#x43B;&#x435;&#x43A;&#x441;&#x430;&#x43D;&#x434;&#x440; &#x421;&#x435;&#x440;&#x433;&#x435;&#x435;&#x432;&#x438;&#x447;</subfield>
    <subfield code="4">070</subfield>
  </datafield>
  <datafield tag="702" ind1=" " ind2="1">
    <subfield code="a">&#x421;&#x435;&#x440;&#x435;&#x431;&#x440;&#x43E;&#x432;&#x441;&#x43A;&#x430;&#x44F;</subfield>
    <subfield code="b">&#x420;.&#x418;.</subfield>
    <subfield code="f">1888-1981</subfield>
    <subfield code="g">&#x420;&#x430;&#x438;&#x441;&#x430; &#x418;&#x441;&#x430;&#x430;&#x43A;&#x43E;&#x432;&#x43D;&#x430;</subfield>
    <subfield code="4">070</subfield>
  </datafield>
  <datafield tag="702" ind1=" " ind2="1">
    <subfield code="a">&#x416;&#x438;&#x432;&#x430;&#x433;&#x43E;</subfield>
    <subfield code="b">&#x41F;.&#x418;.</subfield>
    <subfield code="f">1883-1948</subfield>
    <subfield code="g">&#x41F;&#x435;&#x442;&#x440; &#x418;&#x432;&#x430;&#x43D;&#x43E;&#x432;&#x438;&#x447;</subfield>
    <subfield code="4">070</subfield>
  </datafield>
  <datafield tag="702" ind1=" " ind2="1">
    <subfield code="a">&#x421;&#x430;&#x445;&#x430;&#x440;&#x43E;&#x432;&#x430;</subfield>
    <subfield code="b">&#x41B;.&#x41D;.</subfield>
    <subfield code="4">070</subfield>
  </datafield>
  <datafield tag="702" ind1=" " ind2="1">
    <subfield code="a">&#x412;&#x430;&#x441;&#x438;&#x43D;&#x430;</subfield>
    <subfield code="b">&#x415;.&#x422;.</subfield>
    <subfield code="f">1899-1988</subfield>
    <subfield code="g">&#x415;&#x43A;&#x430;&#x442;&#x435;&#x440;&#x438;&#x43D;&#x430; &#x422;&#x438;&#x43C;&#x43E;&#x444;&#x435;&#x435;&#x432;&#x43D;&#x430;</subfield>
    <subfield code="4">070</subfield>
  </datafield>
  <datafield tag="702" ind1=" " ind2="1">
    <subfield code="a">&#x41F;&#x440;&#x43E;&#x43C;&#x43F;&#x442;&#x43E;&#x432;</subfield>
    <subfield code="b">&#x410;.&#x41D;.</subfield>
    <subfield code="f">1898-1948</subfield>
    <subfield code="g">&#x410;&#x43B;&#x435;&#x43A;&#x441;&#x430;&#x43D;&#x434;&#x440; &#x41D;&#x438;&#x43A;&#x43E;&#x43B;&#x430;&#x435;&#x432;&#x438;&#x447;</subfield>
    <subfield code="4">070</subfield>
  </datafield>
  <datafield tag="702" ind1=" " ind2="1">
    <subfield code="a">&#x421;&#x430;&#x432;&#x438;&#x447;</subfield>
    <subfield code="b">&#x41D;.&#x413;.</subfield>
    <subfield code="f">1892-</subfield>
    <subfield code="g">&#x41D;&#x438;&#x43D;&#x430; &#x413;&#x43E;&#x440;&#x434;&#x435;&#x435;&#x432;&#x43D;&#x430;</subfield>
    <subfield code="4">070</subfield>
  </datafield>
  <datafield tag="702" ind1=" " ind2="1">
    <subfield code="a">&#x421;&#x43E;&#x43A;&#x43E;&#x43B;&#x43E;&#x432;</subfield>
    <subfield code="b">&#x41C;.&#x420;.</subfield>
    <subfield code="4">070</subfield>
  </datafield>
  <datafield tag="801" ind1=" " ind2="0">
    <subfield code="a">RU</subfield>
    <subfield code="b">NLR</subfield>
    <subfield code="c">20010628</subfield>
  </datafield>
  <datafield tag="852" ind1=" " ind2=" ">
    <subfield code="a">NLR</subfield>
    <subfield code="j">33/132</subfield>
  </datafield>
  <datafield tag="899" ind1=" " ind2=" ">
    <subfield code="a">&#x411;&#x410;&#x41D;</subfield>
  </datafield>
  <datafield tag="899" ind1=" " ind2=" ">
    <subfield code="a">&#x418;&#x41E;&#x41D;&#x411;</subfield>
  </datafield>
  <datafield tag="899" ind1=" " ind2=" ">
    <subfield code="a">&#x41C;&#x413;&#x423;</subfield>
  </datafield>
  <datafield tag="899" ind1=" " ind2=" ">
    <subfield code="a">&#x41D;&#x411; &#x422;&#x413;&#x423;</subfield>
  </datafield>
  <datafield tag="899" ind1=" " ind2=" ">
    <subfield code="a">&#x41D;&#x411;&#x41B; &#x41A;&#x413;&#x423;</subfield>
  </datafield>
  <datafield tag="899" ind1=" " ind2=" ">
    <subfield code="a">&#x41D;&#x411;&#x423;&#x412;</subfield>
  </datafield>
  <datafield tag="899" ind1=" " ind2=" ">
    <subfield code="a">&#x420;&#x413;&#x411;</subfield>
  </datafield>
  <datafield tag="899" ind1=" " ind2=" ">
    <subfield code="a">&#x420;&#x41A;&#x41F;</subfield>
  </datafield>
  <datafield tag="942" ind1=" " ind2=" ">
    <subfield code="c">BOOK</subfield>
  </datafield>
  <datafield tag="980" ind1=" " ind2=" ">
    <subfield code="a">NB</subfield>
  </datafield>
  <datafield tag="980" ind1=" " ind2=" ">
    <subfield code="a">A1SV</subfield>
  </datafield>
</record>
